Manager's guide to business writing / (Record no. 71194)

MARC details
000 -LEADER
fixed length control field 01151nam a22003017a 4500
005 - DATE AND TIME OF LATEST TRANSACTION
control field 20121101113730.0
008 - FIXED-LENGTH DATA ELEMENTS--GENERAL INFORMATION
fixed length control field 121101t xxu||||| |||| 00| 0 eng d
010 ## - LCCN (DPL NO)
LC control number ENG-106151
020 ## - INTERNATIONAL STANDARD BOOK NUMBER
International Standard Book Number 9781259028724
Terms of availability 225.00
020 ## - INTERNATIONAL STANDARD BOOK NUMBER
International Standard Book Number 1259028720
Terms of availability 225.00
035 ## - SYSTEM CONTROL NUMBER
System control number EN-89684
037 ## - SOURCE OF ACQUISITION
Source of stock number/acquisition DBAD/PUB
040 ## - CATALOGING SOURCE
Original cataloging agency DPL
Language of cataloging Eng
082 00 - DEWEY DECIMAL CLASSIFICATION NUMBER
Classification number 808.06665
Edition number 23
100 1# - MAIN ENTRY--PERSONAL NAME
Personal name FitzGerald, Suzanne Sparks.
9 (RLIN) 53490
245 10 - TITLE STATEMENT
Title Manager's guide to business writing /
Statement of responsibility, etc by Suzanne Sparks FitzGerald
250 ## - EDITION STATEMENT
Edition statement 2nd ed
260 ## - PUBLICATION, DISTRIBUTION, ETC. (IMPRINT)
Place of publication, distribution, etc New Delhi
Name of publisher, distributor, etc Tata McGraw-Hill
Date of publication, distribution, etc c2011
270 ## - ADDRESS
Address 7 West Patel Nagar
City New Delhi
Postal code 110008
300 ## - PHYSICAL DESCRIPTION
Extent xiii,176p. :
Other physical details ill.
Dimensions 23cm(pbk)
490 1# - SERIES STATEMENT
Series statement A briefcase book
-- 53491
500 ## - GENERAL NOTE
General note Includes index
650 #0 - SUBJECT ADDED ENTRY--TOPICAL TERM
Topical term or geographic name as entry element Business writing
9 (RLIN) 53492
830 #0 - SERIES ADDED ENTRY--UNIFORM TITLE
Uniform title Briefcase book.
9 (RLIN) 53493
942 ## - ADDED ENTRY ELEMENTS (KOHA)
Source of classification or shelving scheme Dewey Decimal Classification
Item type English Books
Classification part 808.06665
Call number suffix FIT
Holdings
Withdrawn status Lost status Source of classification or shelving scheme Damaged status Not for loan Collection code Home library Current library Date acquired Source of acquisition Cost, normal purchase price Total Checkouts Full call number Barcode Date last seen Copy number Cost, replacement price Koha item type
    Dewey Decimal Classification   Not For Loan Non-fiction D.B.Act.Division D.B.Act.Division 01/11/2012 DBAD/PUB 225.00   808.06665 FIT EN-89684 01/11/2012 1 225.00 English Books

© Delhi Public Library
Hit Counter
free hit counter